| 000 | 01874cam a2200409 i 4500 | ||
|---|---|---|---|
| 001 | 768714001 | ||
| 003 | CO-MdFUSB | ||
| 005 | 20220622123003.0 | ||
| 007 | ta | ||
| 008 | 140422t2014 mnu 000 0 eng | ||
| 020 | _a9780814650684 | ||
| 020 | _a0814650686 | ||
| 040 |
_aDLC _beng _erda _cCO-MdFUSB _dYDX _dBTCTA _dOCLCF _dISS _dWIO _dITC _dCDX _dYDXCP _dZCU _dFPD |
||
| 041 | _aeng | ||
| 042 | _apcc | ||
| 082 |
_223 _a224.107 _bN724 |
||
| 100 | 1 |
_aNiskanen, Paul. _eautor |
|
| 245 | 1 | 0 |
_aIsaiah 56-66 _c/ Paul V. Niskanen ; editado por Chris Franke |
| 264 | 1 |
_aCollegeville, Minnesota : _bLiturgical Press, _c[2014] |
|
| 264 | 4 | _c© 2014 | |
| 300 |
_axxi, 108 pages ; _c24 cm. |
||
| 336 |
_atexto _btxt _2rdacontent. |
||
| 337 |
_asin mediación _bn _2rdamedia. |
||
| 338 |
_avolumen _bnc _2rdacarrier. |
||
| 490 | 1 | _aBerit olam : studies in Hebrew narrative & poetry. | |
| 500 | _a"Un libro de Michael Glacier". | ||
| 504 | _aIncluye referencias bibliográficas e índice. | ||
| 505 | _aIsaías 56 -- Isaías 57 -- Isaías 58 -- Isaías 59 -- Isaías 60 -- Isaías 61 -- Isaías 62 -- Isaías 63 -- Isaías 64 -- Isaías 65 -- Isaías 66. | ||
| 520 | _a "Este comentario de varios volúmenes refleja un desarrollo relativamente nuevo en los estudios bíblicos. Las lecturas de los libros de la Biblia hebrea que se ofrecen aquí se enfocan en la forma final de los textos, acercándolos como obras literarias, reconociendo que el oficio de la poesía y la narración que en ellos se puede encontrar el mundo hebreo antiguo provisto y que su verdad se puede apreciar mejor con una comprensión más completa de ese arte ". | ||
| 563 | _aPasta dura | ||
| 630 | 7 |
_aBiblia _pIsaías _xCrítica, interpretación, etc. |
|
| 700 |
_96504 _aFranke, Chris. _eeditor |
||
| 830 | 0 | _aBerit olam. | |
| 942 | _cBK | ||
| 945 | _aJTF-925 | ||
| 999 |
_c67864 _d67864 |
||